[Event "NOR-chB"]
[Site "Oslo"]
[Date "2023.07.01"]
[Round "1"]
[White "Thorgersen, Trond M"]
[Black "Kielland Lund, Jon"]
[Result "1-0"]
[WhiteElo "2105"]
[BlackElo "1720"]
[PlyCount "45"]
[EventDate "2023.06.30"]
[EventType "swiss"]
[EventRounds "9"]
[EventCountry "NOR"]
[SourceTitle "EXT 2024"]
[Source "ChessBase"]
[SourceDate "2023.10.10"]
[SourceVersion "1"]
[SourceVersionDate "2023.10.10"]
[SourceQuality "1"]

1. e4 c6 2. c4 d5 3. exd5 cxd5 4. cxd5 Nf6 5. Bb5+ Nbd7 6. Nc3 a6 7. Qa4 Rb8 8. Bxd7+ Bxd7 9. Qb3 b5 10. d3 Bf5 11. Bf4 Rb7 12. Nf3 Bxd3 13. Ne5 Bf5 14. 0-0 e6 15. Rfd1 exd5 16. Nxd5 Be6 17. Nc6 Bxd5 18. Qe3+ Qe7 19. Nxe7 Bxe7 20. Bg5 Be6 21. Qf3 Rc7 22. Qa8+ Rc8 23. Qxa6 1-0

[Event "As Autumn"]
[Site "As"]
[Date "2019.11.07"]
[Round "8"]
[White "Kielland Lund, Jon"]
[Black "Aamodt, Peder Marcus"]
[Result "1/2-1/2"]
[WhiteElo "1694"]
[BlackElo "1481"]
[PlyCount "78"]
[EventDate "2019.08.29"]
[EventType "swiss"]
[EventRounds "9"]
[EventCountry "NOR"]
[SourceTitle "EXT 2024"]
[Source "ChessBase"]
[SourceDate "2023.10.10"]
[SourceVersion "1"]
[SourceVersionDate "2023.10.10"]
[SourceQuality "1"]

1. c4 e6 2. d4 Nf6 3. g3 d5 4. Nf3 c5 5. Bg2 Nc6 6. 0-0 dxc4 7. dxc5 Qxd1 8. Rxd1 Bxc5 9. Nbd2 Ng4 10. Ne4 Be7 11. Nd6+ Bxd6 12. Rxd6 Ke7 13. Rd1 Rb8 14. h3 Nge5 15. Nxe5 Nxe5 16. Bf4 f6 17. a4 Bd7 18. Rd4 Rhd8 19. Bxe5 fxe5 20. Rxc4 Bc6 21. Bxc6 bxc6 22. b4 Rd2 23. e3 Rb7 24. Re1 Rb2 25. Rxc6 R2xb4 26. Ra6 R4b6 27. Ra5 Rb4 28. Kg2 e4 29. Rd1 Rc7 30. Ra6 Kf7 31. g4 g5 32. Ra5 h6 33. Ra6 Kf6 34. Rdd6 Re7 35. Rd1 Kf7 36. Kg3 Rc7 37. h4 Re7 38. hxg5 hxg5 39. Rh1 Kg6 1/2-1/2

[Event "As Autumn"]
[Site "As"]
[Date "2019.10.10"]
[Round "5"]
[White "Kielland Lund, Jon"]
[Black "Berg Olsen, Henrik Seljeset"]
[Result "1-0"]
[WhiteElo "1694"]
[BlackElo "1583"]
[PlyCount "107"]
[EventDate "2019.08.29"]
[EventType "swiss"]
[EventRounds "9"]
[EventCountry "NOR"]
[SourceTitle "EXT 2024"]
[Source "ChessBase"]
[SourceDate "2023.10.10"]
[SourceVersion "1"]
[SourceVersionDate "2023.10.10"]
[SourceQuality "1"]

1. c4 c5 2. Nf3 Nc6 3. Nc3 Nf6 4. d4 cxd4 5. Nxd4 Qa5 6. e3 Ne4 7. Bd2 Nxd2 8. Qxd2 g6 9. Nd5 Qxd2+ 10. Kxd2 Kd8 11. Rd1 Bg7 12. Kc1 e6 13. Nc3 Ke7 14. Be2 Nxd4 15. exd4 d6 16. Bf3 Rb8 17. g4 b6 18. g5 Bb7 19. Bxb7 Rxb7 20. b3 h6 21. f4 hxg5 22. fxg5 Rh3 23. Kc2 Rb8 24. Ne2 Rbh8 25. Rdg1 Rxh2 26. Rxh2 Rxh2 27. Kd3 Ke8 28. Ke3 Bf8 29. Kf3 Be7 30. Ke3 Rh5 31. Kf4 e5+ 32. dxe5 dxe5+ 33. Kxe5 Bxg5 34. Rg2 f6+ 35. Ke6 Rh3 36. Ng3 Rh7 37. Ne4 Re7+ 38. Kd5 Re5+ 39. Kd4 Ke7 40. Nc3 a6 41. Nd5+ Kd6 42. Rh2 f5 43. Rg2 f4 44. Rf2 Rf5 45. Nxb6 Bd8 46. c5+ Rxc5 47. Nc4+ Kc6 48. Rxf4 g5 49. Re4 Rd5+ 50. Ke3 Kc5 51. Kf3 Kb4 52. Ne3+ Kc5 53. Nxd5 Kxd5 54. Re8 1-0

[Event "NOR-ch Class2"]
[Site "Sarpsborg"]
[Date "2018.07.14"]
[Round "9"]
[White "Kielland Lund, Jon"]
[Black "Unneland, Arne"]
[Result "0-1"]
[WhiteElo "1685"]
[BlackElo "1623"]
[PlyCount "62"]
[EventDate "2018.07.07"]
[EventType "swiss"]
[EventRounds "9"]
[EventCountry "NOR"]
[SourceTitle "EXT 2024"]
[Source "ChessBase"]
[SourceDate "2023.10.10"]
[SourceVersion "1"]
[SourceVersionDate "2023.10.10"]
[SourceQuality "1"]

1. c4 c5 2. Nf3 Nc6 3. d4 cxd4 4. Nxd4 g6 5. Nc3 Bg7 6. Nxc6 bxc6 7. e4 Rb8 8. Qc2 c5 9. Be2 d6 10. 0-0 Nf6 11. Rb1 Bg4 12. f3 Bd7 13. b3 0-0 14. Rd1 Ne8 15. Be3 Nc7 16. Bf1 Ne6 17. Ne2 Qa5 18. Qd2 Qxd2 19. Rxd2 a5 20. f4 Bc6 21. Ng3 a4 22. Bd3 axb3 23. axb3 Ra8 24. Ne2 Ra3 25. b4 cxb4 26. Rxb4 Bxe4 27. Bxe4 Rxe3 28. Bd5 Nxf4 29. Nxf4 Bc3 30. Re2 Rxe2 31. Nxe2 Bxb4 0-1

[Event "NOR-ch Class2"]
[Site "Sarpsborg"]
[Date "2018.07.12"]
[Round "7"]
[White "Kielland Lund, Jon"]
[Black "Grindbakken, Erik"]
[Result "1-0"]
[WhiteElo "1685"]
[BlackElo "1626"]
[PlyCount "33"]
[EventDate "2018.07.07"]
[EventType "swiss"]
[EventRounds "9"]
[EventCountry "NOR"]
[SourceTitle "EXT 2024"]
[Source "ChessBase"]
[SourceDate "2023.10.10"]
[SourceVersion "1"]
[SourceVersionDate "2023.10.10"]
[SourceQuality "1"]

1. c4 e5 2. Nc3 Bb4 3. g3 Nf6 4. Bg2 0-0 5. e3 Re8 6. Nge2 Nc6 7. 0-0 d6 8. d4 exd4 9. exd4 Ne7 10. Bg5 Bxc3 11. Nxc3 Nd7 12. Bxe7 Rxe7 13. Nd5 Re8 14. Re1 Kf8 15. Rxe8+ Kxe8 16. Qe2+ Kf8 17. Re1 1-0

[Event "As CC-ch A"]
[Site "As"]
[Date "2017.01.26"]
[Round "3"]
[White "Kielland Lund, Jon"]
[Black "Furnes, Torstein"]
[Result "1/2-1/2"]
[WhiteElo "1499"]
[BlackElo "1565"]
[PlyCount "63"]
[EventDate "2017.01.12"]
[EventType "tourn"]
[EventRounds "9"]
[EventCountry "NOR"]
[SourceTitle "EXT 2024"]
[Source "ChessBase"]
[SourceDate "2023.10.10"]
[SourceVersion "1"]
[SourceVersionDate "2023.10.10"]
[SourceQuality "1"]

1. c4 e5 2. Nc3 Nf6 3. Nf3 Nc6 4. g3 d5 5. cxd5 Nxd5 6. Bg2 Nb6 7. 0-0 Be7 8. a3 0-0 9. d3 Be6 10. b4 a6 11. Be3 Qd7 12. Na4 Nxa4 13. Qxa4 Bh3 14. Rfc1 Bxg2 15. Kxg2 Qd5 16. Bc5 e4 17. dxe4 Qxe4 18. Bxe7 Qxe7 19. Qc2 Rfe8 20. e3 Rad8 21. Rd1 Qf6 22. Rac1 Re6 23. Rxd8+ Qxd8 24. Rd1 Rd6 25. Rxd6 Qxd6 26. Qd2 Qxd2 27. Nxd2 Kf8 28. f4 Ke7 29. Kf3 f5 30. Nb3 b6 31. e4 fxe4+ 32. Kxe4 1/2-1/2

[Event "As Autumn"]
[Site "As"]
[Date "2016.12.08"]
[Round "9"]
[White "Lea, Per"]
[Black "Kielland Lund, Jon"]
[Result "1/2-1/2"]
[WhiteElo "1533"]
[BlackElo "1500"]
[PlyCount "90"]
[EventDate "2016.09.01"]
[EventType "swiss"]
[EventRounds "9"]
[EventCountry "NOR"]
[SourceTitle "EXT 2024"]
[Source "ChessBase"]
[SourceDate "2023.10.10"]
[SourceVersion "1"]
[SourceVersionDate "2023.10.10"]
[SourceQuality "1"]

1. e4 c6 2. d4 d5 3. Nc3 dxe4 4. Nxe4 Bf5 5. Ng3 Bg6 6. Nf3 Nd7 7. h4 h6 8. h5 Bh7 9. Bd3 Bxd3 10. Qxd3 e6 11. Bf4 Qa5+ 12. Bd2 Bb4 13. Ne4 Ngf6 14. Nd6+ Ke7 15. Nc4 Bxd2+ 16. Nfxd2 Qc7 17. 0-0-0 Rhd8 18. Nf3 Kf8 19. Nce5 Nxe5 20. Nxe5 c5 21. Qc3 b6 22. dxc5 bxc5 23. f4 Nd5 24. Qg3 Qb6 25. Rd3 Kg8 26. Rhd1 Rab8 27. Rb3 Qc7 28. Rxb8 Rxb8 29. c4 Nf6 30. Qf3 Qb6 31. b3 a5 32. Nc6 Re8 33. Ne5 a4 34. g4 axb3 35. Qxb3 Qxb3 36. axb3 Rc8 37. Kc2 Kf8 38. Nd7+ Ke7 39. Nxf6 Kxf6 40. Rd7 g5 41. hxg6 Kxg6 42. f5+ exf5 43. gxf5+ Kxf5 44. Rxf7+ Kg4 45. Rg7+ Kh4 1/2-1/2

[Event "As Autumn"]
[Site "As"]
[Date "2016.09.08"]
[Round "2"]
[White "Kielland Lund, Jon"]
[Black "Midtgard, Anders"]
[Result "1-0"]
[WhiteElo "1500"]
[BlackElo "1105"]
[PlyCount "121"]
[EventDate "2016.09.01"]
[EventType "swiss"]
[EventRounds "9"]
[EventCountry "NOR"]
[SourceTitle "EXT 2024"]
[Source "ChessBase"]
[SourceDate "2023.10.10"]
[SourceVersion "1"]
[SourceVersionDate "2023.10.10"]
[SourceQuality "1"]

1. c4 Nf6 2. Nc3 e6 3. e4 Nc6 4. d4 Bb4 5. e5 Ne4 6. Qd3 Nxc3 7. bxc3 Be7 8. Qg3 0-0 9. Bh6 g6 10. Bxf8 Bxf8 11. Bd3 Bg7 12. f4 Ne7 13. Nf3 c5 14. 0-0 Nc6 15. d5 Ne7 16. d6 Nf5 17. Bxf5 exf5 18. Qf2 b6 19. Qd2 Bb7 20. Qe3 Bc6 21. Rab1 Be4 22. Rb2 Bc6 23. Ng5 h6 24. Nf3 Bb7 25. Kf2 Bc6 26. Rh1 Qe8 27. Rg1 Qe6 28. Nd2 Bb7 29. h3 Bc6 30. a3 Bb7 31. a4 Bc6 32. Ra1 g5 33. g3 f6 34. exf6 Qxf6 35. Ra3 Qxd6 36. Nf3 g4 37. hxg4 fxg4 38. Nh4 Kf8 39. Nf5 Qf6 40. Nxg7 Qxg7 41. Re2 Bf3 42. Re1 Qf6 43. Qe5 Qxe5 44. Rxe5 Re8 45. Rxe8+ Kxe8 46. a5 Kd8 47. axb6 axb6 48. Ra7 Kc8 49. Ke3 Bc6 50. f5 Kd8 51. Kf4 Bf3 52. f6 Ke8 53. Kf5 Be2 54. Kg6 Bf3 55. Ra6 Be4+ 56. Kxh6 Kf7 57. Rxb6 Bd3 58. Kg5 Bxc4 59. Kxg4 Kg6 60. Kf4 Kf7 61. Ke5 1-0

[Event "AS CC-ch A"]
[Site "As"]
[Date "2016.03.17"]
[Round "7"]
[White "Kielland Lund, Jon"]
[Black "Fuglseth, Jan"]
[Result "0-1"]
[WhiteElo "1550"]
[BlackElo "1477"]
[PlyCount "94"]
[EventDate "2016.01.14"]
[EventType "tourn"]
[EventRounds "9"]
[EventCountry "NOR"]
[SourceTitle "EXT 2024"]
[Source "ChessBase"]
[SourceDate "2023.10.10"]
[SourceVersion "1"]
[SourceVersionDate "2023.10.10"]
[SourceQuality "1"]

1. c4 Nf6 2. Nc3 e6 3. e4 d5 4. e5 Nfd7 5. d4 dxc4 6. Bxc4 Nb6 7. Bb3 c5 8. dxc5 Qxd1+ 9. Bxd1 Bxc5 10. Nf3 Bd7 11. 0-0 0-0 12. Ne4 Be7 13. Be3 Nc4 14. Bd4 Bc6 15. Ned2 Bd5 16. Nxc4 Bxc4 17. Re1 Nc6 18. Bc3 Rfd8 19. Be2 Bd5 20. a3 Bc5 21. b4 Bb6 22. Rad1 Rac8 23. Rd2 Ne7 24. Bb2 Ng6 25. Bb5 h5 26. h3 Nf4 27. Bf1 Nxh3+ 28. gxh3 Bxf3 29. Rxd8+ Rxd8 30. Bc3 Rc8 31. Rc1 Bd4 32. Bb2 Rxc1 33. Bxc1 Bxe5 34. Bg2 Bxg2 35. Kxg2 f5 36. f4 Bf6 37. a4 a6 38. b5 Kf7 39. Ba3 g5 40. Kf3 Kg6 41. fxg5 Bxg5 42. Bd6 Kf6 43. Bc7 Bd2 44. Bd8+ Kg6 45. Ke2 Bc1 46. Kf3 e5 47. Be7 e4+ 0-1

[Event "Follo CC-ch"]
[Site "Follo"]
[Date "2015.04.13"]
[Round "9"]
[White "Kielland Lund, Jon"]
[Black "Taranger, Rune"]
[Result "1/2-1/2"]
[WhiteElo "1547"]
[BlackElo "1572"]
[PlyCount "82"]
[EventDate "2015.01.15"]
[EventType "swiss"]
[EventRounds "9"]
[EventCountry "NOR"]
[SourceTitle "EXT 2017"]
[Source "ChessBase"]
[SourceDate "2016.10.25"]
[SourceVersion "1"]
[SourceVersionDate "2016.10.25"]
[SourceQuality "1"]

1. c4 f5 2. Nf3 Nf6 3. g3 e6 4. Bg2 c6 5. d4 d5 6. 0-0 Bd6 7. c5 Bc7 8. b4 a5 9. Bd2 Ne4 10. Be1 b6 11. cxb6 Bxb6 12. Ne5 axb4 13. Bxb4 c5 14. dxc5 Bxc5 15. Bxc5 Nxc5 16. e3 0-0 17. Nd2 Ba6 18. Re1 Nbd7 19. Ndf3 Nxe5 20. Nxe5 Qd6 21. f4 Ne4 22. Bf1 Bxf1 23. Kxf1 Ra3 24. Kg1 Rfa8 25. Qc2 Qa6 26. Qe2 Rxa2 27. Rxa2 Qxa2 28. Qxa2 Rxa2 29. Rb1 Ra8 30. Rb6 Re8 31. Kg2 Kf8 32. h3 Re7 33. g4 fxg4 34. hxg4 g6 35. g5 Kg7 36. Rc6 h6 37. gxh6+ Kxh6 38. Kf3 Kg7 39. Rc2 Kf6 40. Rg2 Rg7 41. Ng4+ Kf7 1/2-1/2